000 00361nam a2200121Ia 4500
008 211119s9999||||xx |||||||||||||| ||und||
082 _a894.8123
_bRAM-F
100 _aRamakrishnan, T D
245 0 _aFrancis Ittikora
260 _bD c Books
_a2009
_cKottayam
650 _aLiterature
_vAltaic,Uralic,Hyperborean &DravidianMalayalam
_xGeneral stack
942 _cBOOK
999 _c114613
_d114613